[Event "Sinquefield Cup 2nd"]
[Site "Saint Louis"]
[Date "2014.09.04"]
[Round "8"]
[White "Caruana, Fabiano"]
[Black "Carlsen, Magnus"]
[Result "1/2-1/2"]
[WhiteElo "2801"]
[BlackElo "2877"]
[Annotator "Roiz,Michael"]
[PlyCount "83"]
[EventDate "2014.08.27"]
[EventType "tourn"]
[EventRounds "10"]
[EventCountry "USA"]
[EventCategory "23"]
[SourceTitle "CBM 162"]
[Source "ChessBase"]
[SourceDate "2014.09.17"]
[SourceVersion "1"]
[SourceVersionDate "2014.09.17"]
[SourceQuality "1"]

1. e4 c5 2. Nf3 Nc6 3. d4 cxd4 4. Nxd4 g6 5. c4 Nf6 6. Nc3 d6 7. f3 Nxd4 8. Qxd4 Bg7 9. Be3 O-O 10. Qd2 a5 ({The most popular continuations here are} 10... Be6) ({and} 10... Qa5 {but the text move is also well known.}) 11. b3 {Restricting Black's activity on the queenside.} ({Another way to handle the position was shown by 13th World Champion:} 11. Be2 a4 12. O-O Qa5 13. Rac1 Bd7 (13... Be6 $5) 14. c5 Bc6 15. cxd6 Rfd8 16. Nb1 Qxd2 17. Nxd2 exd6 18. Nc4 d5 19. Nb6 Ra5 20. e5 Nd7 21. f4 $14 {½-½ Kasparov,G (2825)-Alterman,B (2615)/Tel Aviv 1998/CBM 065/[Tsesarsky] (25)}) 11... a4 $6 {This move is quite risky from a strategic point of view: the a-pawn may become a target, while Black has a couple of weak squares on the queenside.} ({In the following recent game Black had a solid, but rather passive position:} 11... Bd7 12. Be2 Bc6 13. O-O Nd7 14. Rfd1 Nc5 15. Rac1 Qb6 16. Nd5 Bxd5 17. cxd5 Qb4 18. Rc2 Qxd2 19. Bxd2 $14 {1-0 Khismatullin,D (2671)-Vorobiov,E (2587)/Vladivostok RUS 2014}) ({The most reasonable setup is connected with:} 11... Be6 12. Rb1 (12. Be2 $5 Nd7 13. O-O Nc5 14. Rac1) 12... Nd7 13. Be2 Nc5 14. O-O Qb6 15. Rfc1 Rfc8 16. Kh1 (16. Nd5 $5 {deserves a serious attention, but after} Bxd5 17. cxd5 Qb4 {Black is a tempo up compared to Khismatullin-Vorobiov,2014.}) 16... Qb4 17. Bg5 a4 18. Bxe7 axb3 19. axb3 Nxb3 $11 {½-½ Van Wely,L (2691)-Iturrizaga,E (2627)/Istanbul TUR 2012 (122)}) 12. b4 Be6 13. Rc1 Nd7 14. Be2 {Fabiano is not in a hurry.} ({Black's position also looks unpleasant after} 14. Nd5 f5 (14... a3 15. Nf4 Rc8 16. Be2 $14) 15. exf5 Bxf5 16. Be2 $14) ({RR} 14. Nb5 Rc8 15. Nd4 Ne5 16. Nxe6 fxe6 17. Be2 d5 18. exd5 exd5 19. Qxd5+ Qxd5 20. cxd5 Rxc1+ 21. Bxc1 Rc8 22. Kd1 Nc4 23. Bxc4 Rxc4 24. Bd2 Rd4 25. Ke2 Rxd5 26. Be3 Kf7 27. Rc1 Re5 28. Rc4 b5 {Artemiev,V (2701)-Mamedov,R (2637) Shusha AZE 2024 ½-½ (42)}) 14... Nb6 ({RR} 14... a3 15. Rc2 Re8 16. O-O Nb6 17. Nd5 Nxd5 18. cxd5 Bd7 19. Bd4 e6 20. Bxg7 Kxg7 21. Qd4+ Qf6 22. Qxf6+ Kxf6 23. Rc7 Ba4 24. dxe6 fxe6 25. Rfc1 Re7 26. R7c3 Be8 27. Kf2 d5 28. exd5 exd5 29. Bd1 {Dominguez Perez,L (2741)-Antipov,M (2571) Saint Louis USA 2025 ½-½ (160)}) 15. Nb5 $5 $146 {This ambitious continuation is a novelty. Having a serious space advantage, White wants to keep as many pieces as it possible.} ({In the preceding game Black was able to defend an inferior position after:} 15. Nd5 Nxd5 16. exd5 Bd7 17. a3 (17. O-O a3 18. c5 dxc5 19. bxc5 $14) 17... e6 18. dxe6 Bxe6 19. O-O d5 20. c5 d4 21. Bf2 Qd7 22. Bd3 $14 {½-½ Felgaer,R (2586)-Cuenca Jimenez,J (2477)/La Massana AND 2013}) 15... a3 $146 {Desperately looking for any kind of counterplay.} ({After} 15... Rc8 16. Na3 f5 17. exf5 gxf5 18. O-O $16 {Black's position lacks any active ideas.}) ({RR} 15... Rc8 16. Na3 f5 17. exf5 Rxf5 18. O-O Nd7 19. Bd3 Rf8 20. Be4 b6 21. Bb7 Rb8 22. Bd5 Bxd5 23. Qxd5+ Kh8 24. Nb5 Nf6 25. Qd3 Qd7 26. Bd4 Rfc8 27. Bb2 Nh5 28. Bxg7+ Kxg7 29. Rfe1 Nf6 30. Qe3 {Pichot,A (2584)-Huang,R (2335) Ho Chi Minh City 2019 1-0 (49)}) 16. Nd4 Bd7 17. h4 $1 {Once again, Caruana chooses the most ambitious way to handle the position.} (17. O-O Na4 18. f4 Qc7 19. Kh1 $14 {was a quiet alternative. White maintains a stable advantage.}) 17... h5 (17... e6 18. h5 Qe7 19. Nb3 $16 {followed by 20.c5 is extremely unpleasant.}) 18. g4 $1 {Now Black is under a direct attack.} hxg4 19. fxg4 ({Correcty deviating from} 19. h5 e5 20. Nb3 gxf3 21. Bxf3 Be6 22. Qh2 Nd7 $132) 19... e5 {This is an obvious positional concession, but Magnus had no choice.} (19... Be5 20. h5 Na4 21. Nf3 $40) 20. Nb3 (20. Nb5 $5 {also deserved serious attention:} Bxb5 21. cxb5 d5 22. h5 d4 23. Bh6 $36) 20... Bc6 21. Bf3 f5 {Now Black's king is exposed, but Black cannot sit and wait anymore.} 22. gxf5 (22. Na5 $5 Rxa5 (22... f4 23. Bf2 Qc7 24. h5 $16) 23. bxa5 Na4 24. gxf5 gxf5 25. Bg5 $16) 22... gxf5 23. Na5 {Keeping an eye on the light-squared bishop.} f4 (23... Rxa5 24. bxa5 Na4 25. Bg5 {leads to a position from the previous note. Black has some practical chances, but objectively there is no compensation for an exchange.}) 24. Bf2 $16 {White's monarch feels quite safe now, while Black has numerous weaknesses.} Na4 25. Nxc6 (25. Rg1 Kh8 26. Ke2 Bf6 27. h5 $16) 25... bxc6 26. O-O {Caruana doesn't mind spending some time on removing his king from the centre.} ({Also good enough was} 26. h5 Bf6 27. Rg1+ Kh8 28. Ke2 $16) 26... c5 {In such a difficult situation, Magnus is trying to fix the pawn structure in order to set up some kind of blockade.} (26... Bf6 27. Kh1 Kh8 (27... Bxh4 $2 28. Rg1+ Kh8 29. Rg2 $18) 28. Rg1 Qe7 29. Rg2 Rf7 (29... Rg8 30. Bg4 Rg7 31. Rcg1 Rag8 32. Qe2 $16) 30. Bg4 Rh7 31. Bf5 Rh6 32. b5 Bxh4 33. Rh2 $16) (26... Rf6 27. Kh1 Rh6 28. Rg1 Kh8 29. Rg2 Bf6 30. h5 $16) 27. b5 Bf6 28. Kh1 Nb6 $2 {This could be a decisive mistake.} ({A better move was} 28... Ra7 $142 29. Rg1+ Kh8 30. h5 Nb6 31. Rg6 Rg8 32. Bg4 Rag7 33. Bf5 $16) ({The pawn was untouchable:} 28... Bxh4 29. Rg1+ Kh8 30. Rg2 {with a decisive attack.}) 29. Rcd1 $2 {Wrong rook!} ({Fabiano misses a clear win:} 29. Rfd1 $1 Be7 30. Bxc5 Kh8 31. Bf2 Bxh4 $140 32. Bxb6 Qxb6 33. Qxd6 $18 {and the 2 strong passed pawns will decide the game.}) 29... Kh8 $1 30. Qxd6 $6 {Underestimating Black's defensive resources in the resulting endgame.} ({After} 30. Bg4 Bxh4 31. Qxd6 Qxd6 32. Rxd6 Bxf2 33. Rxb6 Be3 $14 {Black gets excellent drawish chances.}) ({It was still possible to pose serious problems by means of} 30. Be2 $1 Be7 31. Rg1 Rf6 32. Qd3 Qd7 33. Qf3 $36) 30... Qxd6 31. Rxd6 Nxc4 {[%cal Gc4e3] The knight is heading to e3, forcing White to exchange the dark-squared bishop.} 32. Rd5 (32. Rd7 {also achieves nothing special:} Rad8 33. Bxc5 (33. Rfd1 Ne3 34. Bxe3 fxe3 35. Be2 c4 36. Rxd8 (36. Bxc4 Rc8 37. Bd3 Bxh4 $11) 36... Rxd8 37. Rxd8+ Bxd8 38. Bxc4 Bxh4 39. b6 Bd8 40. b7 Bc7 $11) 33... Rxd7 34. Bxf8 Rd2 35. Rc1 Ne3 36. b6 Rxa2 37. Bxa3 Rxa3 38. b7 Rb3 39. Rc8+ Kg7 40. b8=Q Rxb8 41. Rxb8 Bxh4 $11) 32... Ne3 33. Bxe3 fxe3 34. Be2 Bxh4 {Magnus should be happy with his position at this moment.} 35. Rf5 ({After} 35. Rxf8+ Rxf8 36. Rd3 {the easiest way is} c4 $1 37. Rxe3 Rc8 38. Rc3 (38. Rxa3 c3 39. Bd3 Bf2 40. Bc2 Bd4 41. Rb3 Rf8 $11) 38... Be1 39. Rxc4 Rxc4 40. Bxc4 Ba5 $11) 35... Rxf5 36. exf5 Rd8 $11 {Liquidating into a drawish bishop endgame.} 37. Rxd8+ (37. Rxe5 Rd2 38. Rxe3 Rxa2 $11) 37... Bxd8 38. Kg2 Kg7 39. Kf3 Kf6 40. Ke4 c4 41. Bxc4 Bb6 42. Bd3 ({A draw was agreed in view of} 42. Bd3 Bd4 43. Kd5 Ba7 44. Kc6 e4 45. Be2 Kxf5 46. b6 Bxb6 47. Kxb6 Kf4 48. Kc5 Kg3 $11) 1/2-1/2

[Event "Sinquefield Cup 2nd"]
[Site "Saint Louis"]
[Date "2014.09.06"]
[Round "10"]
[White "Topalov, Veselin"]
[Black "Carlsen, Magnus"]
[Result "1/2-1/2"]
[WhiteElo "2772"]
[BlackElo "2877"]
[PlyCount "38"]
[EventDate "2014.08.27"]
[EventType "tourn"]
[EventRounds "10"]
[EventCountry "USA"]
[EventCategory "23"]
[SourceTitle "CBM 162"]
[Source "ChessBase"]
[SourceDate "2014.09.17"]
[SourceVersion "1"]
[SourceVersionDate "2014.09.17"]
[SourceQuality "1"]

1. e4 e5 2. Nf3 Nc6 3. Bb5 Nf6 4. O-O Nxe4 5. d4 Nd6 6. Bxc6 dxc6 7. dxe5 Nf5 8. Qxd8+ Kxd8 9. h3 Ke8 10. Nc3 b6 11. Bf4 Bb4 ({RR} 11... Ba6 12. Rfc1 Bb4 {½-½ (18) Benedeczky,L (2105)-Grimm,G (2122) Balatonlelle 2015}) 12. Ne4 Ba6 13. Rfc1 Be2 14. Nfd2 Bxd2 15. Nxd2 Nd4 16. Be3 Nf5 17. Bf4 Nd4 18. Be3 Nf5 19. Bf4 $146 Nd4 1/2-1/2

[Event "World-ch Carlsen-Anand +3-1=7"]
[Site "Sochi"]
[Date "2014.11.09"]
[Round "2"]
[White "Carlsen, Magnus"]
[Black "Anand, Viswanathan"]
[Result "1-0"]
[WhiteElo "2863"]
[BlackElo "2792"]
[Annotator "Negi,Parimarjan"]
[PlyCount "69"]
[EventDate "2014.11.08"]
[EventType "match"]
[EventRounds "12"]
[EventCountry "RUS"]
[SourceTitle "CBM 164"]
[Source "ChessBase"]
[SourceDate "2015.01.15"]
[SourceVersion "1"]
[SourceVersionDate "2015.01.15"]
[SourceQuality "1"]

1. e4 e5 2. Nf3 Nc6 3. Bb5 Nf6 4. d3 {I am curious why Magnus avoided these long middlegames in the next games, considering the way this game went.} Bc5 {The first theoretical crossroads. 0-0, and c3, both seem to lead to similar positions, but there are many subtle differences. I'll briefly write about a line in the c3-variation which I feel is an influence on the way Magnus played here.} 5. O-O (5. c3 O-O 6. O-O d6 7. Nbd2 (7. Bxc6 {not as good as the Magnus version because of c3 being already committed.}) 7... a6 {plays into White's plans. Now we get a setup similar to Carlsen's in the game. It might appear that in the game Black did not lose a move with ...a6 - but that was possibly offset by the fact that White tried to play a setup with c3. As you will see, c3-d4 is not neccesarily the only plan here, so it could be beneficial not to hurry with it.} (7... Ne7 $1 {is the main line these days, and it has been very hard for White to prove any advantage. The key idea is that Black avoids xc6 setups, and is willing to concede the centre after} 8. d4 {if not d4, then Black gets the ideal e7-g6, followed by ...a6 etc.} exd4 9. cxd4 Bb6 {this is the critical position for the assessment of this line. It appears to me that Black has been able to get enough counterplay so far, but there's certainly more room to explore.}) 8. Bxc6 {A couple of excellent demonstrations of White's play were the following. In both the games, White avoided an early d4, and instead just focussed on developing his pieces, and eventually exploiting Black's structural weaknesses. Right now, the weaknesses appear miniscule, but it makes it incredibly difficult for Black to create counterplay since ideas like ...d5 just weaken his position further. And White can eventually try to get in d4 at the right point.} bxc6 9. Re1 Re8 10. h3 Bb6 11. Nf1 h6 12. Ng3 Be6 (12... d5 13. Qc2 $1 {again the queen is wonderful here. Black is just spoiling his own structure:} dxe4 14. dxe4 Nd7 15. Be3 Nc5 16. c4 a5 17. b3 $14 {1-0 (26) Dominguez Perez,L (2753)-Cox,J (2387) Rhodes 2013}) 13. Be3 Bxe3 14. Rxe3 c5 15. Qc2 {The queen is always excellent here.} Nd7 16. d4 $1 {since everything is perfectly placed.} cxd4 17. cxd4 exd4 18. Nxd4 a5 19. b3 Nc5 20. Rd1 $14 {1-0 (55) Svidler,P (2741)-Navara,D (2706) Prague 2012}) 5... d6 (5... O-O {isn't possible due to} 6. Bxc6 bxc6 7. Nxe5) ({The main drawback for 0-0 is} 5... Nd4 {as an extra option, which has often allowed Black to equalise easily in the past. But as the following recent game shows, there is a lot more to explore here, and clearly Magnus had some interesting setup in mind against this.} 6. Nxd4 Bxd4 7. c3 Bb6 8. Na3 $5 c6 9. Ba4 O-O 10. Bg5 h6 11. Bh4 d5 12. exd5 cxd5 13. Bb3 g5 14. Bg3 Re8 15. Re1 Bc7 16. Nc2 $14 {½-½ (69) Topalov,V (2785)-Andreikin,D (2709) Khanty-Mansiysk 2014}) 6. Re1 $5 {Already a novelty among decent players! That's pretty impressive in one of the most widely analysed opening of our times...although I have to admit, it's not really a new concept. The same thing was tried by Adams after 6.bd2 - actually 9...h6 by Anand would have converted to the Adams - Kramnik game mentioned below.  I am not sure if there is any subtlety behind delaying d2 - perhaps it could be more flexible in some cases, but I don't think it really matters. White's main idea is just to play the closed structure after xc6, similar to the Svidler - Navara game mentioned after 5. c3. In the long term he hopes to exploit the 'queenside' weakening of the strucuture, and hope that active moves like d5 will only create weaknesses for Black. It's an interesting concept, and certainly an excellent try against people not comfortable with long strategic manoevres.} ({The same structure can be got by} 6. Nbd2 O-O 7. Bxc6 bxc6 8. h3 h6 9. Re1 Re8 10. Nf1 d5 $5 {I prefer} 11. Qe2 {or perhaps he could have included c3 earlier, so c2 would have made even more sense.} (11. exd5 Qxd5 $1 {gave Black a lot of counterplay despite the broken structure.} 12. Be3 Bf8 13. Bd2 e4 14. dxe4 Nxe4 15. Ng3 Bb7 16. Bf4 Nd6 17. b3 c5 $11 {0-1 (75) Adams,M (2727)-Kramnik,V (2801) Paris/St Petersburg 2013 CBM 154 [Szabo,Kr].}) {Nothing drastic has occured and the slow game continues. Here, Black went wrong trying to seek activity with} 11... dxe4 12. dxe4 a5 13. Rd1 Ba6 14. Qe1 Qb8 15. Ng3 Qb4 16. b3 Qxe1+ 17. Rxe1 Bb4 18. Rd1 Bc3 19. Rb1 c5 20. Bd2 Bxd2 21. Nxd2 g6 22. f3 Red8 23. Ndf1 $14 {with a pleasant endgame in Bartel,M (2651)-Arslanov,S (2396) Moscow 2014.}) 6... O-O 7. Bxc6 ({RR} 7. c3 a6 8. Ba4 b5 9. Bc2 Ng4 10. Re2 f5 11. d4 Bb6 12. dxe5 dxe5 13. Qd5+ Qxd5 14. exd5 Na5 15. h3 e4 16. Ne1 Nf6 17. a4 Bb7 18. Na3 Bxd5 19. Be3 Bxe3 20. fxe3 Nc4 21. Nxc4 bxc4 {Mtsetfwa Philani (1688)-Asllani,M (2191) Budapest HUN 2024 0-1 (34)}) 7... bxc6 8. h3 (8. Nbd2 {would run into g4...f5 ideas.}) 8... Re8 9. Nbd2 Nd7 $146 (9... h6 {would convert to Adams - Kramnik as mentioned above. There White continued f1, but perhaps it makes sense to play more in Carlsen's style as well.} 10. a4 {or doing the same thing without a4 - but including a4 never seems bad to me. Also it's a useful waiting move.} a5 (10... Be6 11. Nf1 {now d5 isn't possible as in Adams - Kramnik.}) 11. Nc4 Be6 (11... d5 {leads to strange complications, but White seems to be preferrable in the end:} 12. exd5 e4 13. dxe4 Rxe4 14. Rxe4 Nxe4 15. Be3 cxd5 16. Bxc5 Nxc5 17. Ne3 $14) 12. Be3 $5 Bxc4 13. Bxc5 Be6 (13... dxc5 14. dxc4 $14 {the tripled pawns are uglier.}) 14. Be3 {and again we have opposite coloured bishops, and perhaps some pretensions of an edge for white? certainly his play is easier.}) (9... Nh5 {seems more natural, but I am not sure if White needs to worry much about h5-f4 as a plan. He can just continue c4...e3, or try c3-d4.}) ({RR} 9... a5 10. a4 h6 11. Nc4 Be6 12. b3 Nd7 13. Bd2 Bb6 14. Nxb6 cxb6 15. d4 Qc7 16. Bc3 Rad8 17. Bb2 f6 18. c4 exd4 19. Nxd4 Nc5 20. Qf3 Bc8 21. Re3 Ne6 22. Nf5 Ng5 23. Qf4 Bxf5 24. Qxf5 {Ulrich,R (2049)-Cervantes Landeiro,T (2032) Saint Louis 2017 ½-½ (47)}) ({RR} 9... h6 10. Nf1 d5 11. Ng3 Bd6 12. b3 Nh7 13. Bb2 d4 14. Bc1 Nf8 15. Nh2 Ng6 16. Nf5 Ne7 17. Qf3 Nxf5 18. exf5 Qf6 19. g4 Bb4 20. Re2 Bd7 21. Nf1 e4 22. Rxe4 c5 23. Ng3 Bc6 24. Bf4 {Van Foreest,J (2472)-Bok,B (2572) Basel 2015 1-0 (40)}) 10. Nc4 Bb6 {This avoids a5 ideas, and also xb6 doesn't really seem worrying since it improves the structure.} (10... a6 11. Na5 $1 $14) (10... a5 11. Bd2 a4 12. Na5 $14) 11. a4 {A really useful move - as you will see soon.} a5 12. Nxb6 {Somewhat counter intuitive decision...at first the opposite colours seem to make Black's life easier. But Carlsen had a more long term idea in mind...I still feel that Black's position should be fairly solid here, but it's not as obvious as it looks at first sight.} cxb6 $6 ({With hindsight, I'd prefer} 12... Nxb6 $1 {although I must admit that it's hard to imagine, particularly in a game, that ...cxb6 could be anything but solid for Black. But another advantage of this move is that Black can actually play actively with ...f5! next - and the a5-weakness is less scary since it would only be a problem in the endgame.} 13. b3 (13. d4 exd4 $1 14. Nxd4 c5 $11 {Black's pieces are perfectly set to deal with the d4 break.}) 13... f5 $1 $13 ({Actually Black doesn't even need to hurry with f5.} 13... c5 14. Bd2 Nd7 $5 { b8-c6 seems just fine as well.})) 13. d4 Qc7 $6 {Another almost imperceptible inaccuracy, but suddenly things start to get tougher for Black after this. The queen seems natural on c7, but it allows White the strong option of h4 in the future!} (13... Qe7 {keeps an eye on h4, but this seems a really awkward square for the queen. Also b6 might be weak after f8-g6.} 14. Ra3 Nf8 15. Rb3 Rb8 16. Be3) (13... f6 $1 {also allows h4 at some point, but it's not as easy to implement for White because after} 14. Ra3 Nf8 {dxe5-dxe5 would give Black an additional move due to the threat to exchange queens.} 15. dxe5 (15. Nh4 exd4 $1 {would create a mess}) 15... dxe5 16. Rd3 Qc7 17. Nh4 Ne6 {and White's initiative looks much less dangerous.}) 14. Ra3 $1 {The idea behind 11.a4! Suddenly the position seems slightly less innocuous, and you realise that it is indeed easier to play for White. Most importantly, practically, it's not easy to make decisions.} Nf8 (14... c5 15. d5 $14 {the kingside attack will be more dangerous now.}) (14... Bb7 15. dxe5 dxe5 16. Nh4 $14) (14... exd4 15. Nxd4 {is too slow for Black.  g3.}) 15. dxe5 dxe5 16. Nh4 {White's play flows very smoothly now.} Rd8 (16... Ng6 17. Nf5 {doesn't change much.}) 17. Qh5 f6 (17... Ng6 18. Nf5 $14) 18. Nf5 Be6 (18... Ne6 $1 19. Rg3 Kh8 {is a much more cool defence, keeping things more under control but it does look like a worrying position for Black. I don't see many ways Black can improve, so white can slowly try to continue building an initiative...particularly g4-h4 ideas seem tempting in the future.}) 19. Rg3 Ng6 20. h4 (20. Bh6 {would lead to some nice fireworks, but that's not really in Carlsen's style, and very much not required.} gxh6 21. Rxg6+ hxg6 22. Qxg6+ Kf8 23. Qxf6+ Qf7 24. Qxh6+ Ke8 {and a rook ought to be worth something. It seems pretty unclear.}) 20... Bxf5 (20... Rd7 21. Bh6 $1 {is much stronger now.} gxh6 22. Qxh6 { h5.}) 21. exf5 Nf4 22. Bxf4 exf4 23. Rc3 $1 {Despite the equal material, the major piece endgame is surprisingly hard to play. It's possible to suggest better defensive moves with the engine, but I believe practically it's already very tough. Understandably, Vishy begins to make slight inaccuracies, and Magnus wraps it up smoothly with his trademark precision:} c5 24. Re6 Rab8 $2 (24... h6 {( 25.c4 d4!)} 25. Qf3 Rab8 {with much better chances to survive compared to the game.}) 25. Rc4 Qd7 26. Kh2 Rf8 (26... Qd1 {isn't possible due to} 27. Re8+ $1 $18) (26... Re8 27. Rce4 Rxe6 28. fxe6 $16 {will be pretty unpleasant.}) 27. Rce4 Rb7 28. Qe2 b5 29. b3 $5 {This doesn't seem required, but it's in Carlsen's style to not force things. Instead he just restricts any counterplay for Black, and makes Black go wrong by himself.} bxa4 30. bxa4 Rb4 {Exchanging a pair of rooks might reduce the pressure, but here it also creates additional weaknesses - particularly in Black's 7th rank. White continues with a strong attack despite the almost endgame nature of the position!} 31. Re7 Qd6 32. Qf3 Rxe4 33. Qxe4 f3+ 34. g3 h5 $2 {The final blunder - but the position was actually much trickier than it looks.} (34... Qd2 35. Qxf3 Qxc2 {at first Black seems to be safe, but after} 36. Kg2 Kh8 37. Qc6 {White continues to exert pressure without taking any risk. Black's rook is completely tied down to g7, and it will be hard for him to keep the c-pawn alive. Still, it's not a straightforward win, and White still needs to show technique.}) 35. Qb7 $1 1-0